Evénements majeurs au 21ème siècle - Statistiques

Statistiques générales
  • Ce quiz a été pris 68 fois
  • Le résultat moyen est 15 sur 27
Statistiques - réponses
Hint Réponse % Correct
La cathédrale Notre-Dame de Paris subit un incendie dévastateur. 2019
92%
Barack Obama est élu président des Etats-Unis pour son premier mandat. 2008
89%
Nicolas Sarkozy est élu président de la République française. 2007
83%
Adaptation des systèmes informatiques au passage à un nouveau millénaire. Le bug n'a pas vraiment eu lieu ! 2000
75%
Début du mouvement social des gilets jaunes. 2018
70%
Le nouveau pape Léon XIV est élu suite au décès du pape François. 2025
70%
La Russie envahit l'Ukraine et revendique plusieurs régions à l'est. 2022
68%
Donald Trump est élu président des Etats-Unis pour son premier mandat. 2016
66%
Israël envahit la bande de Gaza suite à l'attaque du Hamas et à la prise d'otage de près de 200 personnes. 2023
64%
Les Etats-Unis subissent une série d'attentats le 11 septembre. 2001
62%
Attentat contre le journal satirique Charlie Hebdo et attentat du Bataclan. 2015
60%
Emmanuel Macron est élu président de la République française pour son premier mandat. 2017
60%
Mort du prince de la pop Michael Jackson. 2009
58%
Instabilité politique en France avec la dissolution de l'assemblée nationale et la succession de quatre premiers ministres différents en un an. 2024
55%
François Hollande est élu président de la République française. 2012
49%
Le monde se confine suite à la propagation du virus Covid 19. 2020
49%
Les Etats-Unis et Israël bombardent l'Iran causant la mort du guide suprême iranien Ali Khamenei. 2026
49%
Création d'une nouvelle monnaie commune : l'euro. 2002
45%
Les Etats-Unis quittent l'Afghanistan et laissent les Talibans reprendre le pouvoir, 20 ans après leur départ. 2021
45%
Un tremblement de terre dévaste Haïti causant la mort de près de 280.000 personnes. 2010
43%
Un séisme majeur suivi d'un tsunami coûte la vie a environ 250.000 personnes en Asie du sud-est. 2004
40%
Mort du pape Jean-Paul II et élection du nouveau pape Benoit XVI. 2005
36%
Suite à un séisme au Japon, une catastrophe nucléaire se produit à Fukushima. 2011
36%
Après la démission surprise du pape Benoit XVI, le pape François est élu. 2013
36%
La Russie annexe la Crimée. 2014
36%
Une canicule inédite dans sa durée fait près de 30.000 morts durant l'été en France. 2003
32%
Exécution du dictateur irakien Saddam Hussein après plus de deux ans de procès. 2006
30%
Aucun quiz correspondant
Distribution des résultats
% des personnes avec chaque résultat
Percentile par nombre de réponses
Votre historique - résultats
Vous n’avez pas pris ce quiz